Dôchodková situácia a formovanie spotrebiteľských zvyklostí obyvateľstva v transformujúcej sa ekonomike Slovenska
Spoločenské a ekonomické podmienky po roku 1989 spôsobujú významnú diferenciáciu v správaní jednotlivých skupín domácností na spotrebiteľskom trhu. Peňažné príjmy a výdavky obyvateľstva. Spotrebiteľské zvyklosti.
Salvato in:
| Autore principale: | |
|---|---|
| Natura: | Capitolo di libro |
| Lingua: | slovacco |
| Soggetti: | |
| Tags: |
Nessun Tag, puoi essere il primo ad aggiungerne!!
|
MARC
| LEADER | 00000naa a2200000 4500 | ||
|---|---|---|---|
| 001 | r043308 | ||
| 005 | 20230929074041.6 | ||
| 041 | 0 | |a slo | |
| 044 | |a SK | ||
| 245 | 1 | 0 | |a Dôchodková situácia a formovanie spotrebiteľských zvyklostí obyvateľstva v transformujúcej sa ekonomike Slovenska |c Iveta Pauhofová |
| 520 | |a Spoločenské a ekonomické podmienky po roku 1989 spôsobujú významnú diferenciáciu v správaní jednotlivých skupín domácností na spotrebiteľskom trhu. Peňažné príjmy a výdavky obyvateľstva. Spotrebiteľské zvyklosti. | ||
| 610 | 2 | 0 | |a správanie spotrebiteľa |
| 610 | 2 | 0 | |a dôchodky |
| 610 | 2 | 0 | |a transformácia |
| 610 | 2 | 0 | |a Slovensko |
| 610 | 2 | 0 | |a príjmy obyvateľstva |
| 610 | 2 | 0 | |a výdavky obyvateľstva |
| 610 | 2 | 0 | |a domácnosti |
| 100 | 1 | |a Pauhofová, Iveta | |